000 00480nam a22001457a 4500
082 _a621.39
100 _aAli, Khawar
245 _aKLT based predictive aircraft tracking in low resolution images /
_cKhawar Ali.
260 _aIslamabad:
_bCEME - NUST,
_c2013.
300 _aVar p.: ill.;
_c30cm.
650 _aComputer Engineering - MS Theses.
_934671
700 _aSup: Dr. Shoab Ahmad Khan.
_934853
942 _2ddc
_cTHE
999 _c540743
_d540743